000
00335 a2200109 4500
001
ART_39602
005
20260410162000.0
008
260409a
245
1
0
_a
La ciudad como objeto de las ciencias sociales
100
1
_a
Trotta, Miguel Eduardo Vicente
773
0
_t
Propuestas
_g
- Año 3, Nº 6 (dic. 1997)
_w
REV28258
999
_c
31222
_d
31222